El marxisme com a sociologia / (Record no. 45799)

MARC details
000 -LEADER
campo de control de longitud fija 00732nam a2200229 i 4500
001 - NÚMERO DE CONTROL
campo de control 45799
003 - IDENTIFICADOR DE NÚMERO DE CONTROL
campo de control ES-MaACL
005 - FECHA Y HORA DE LA ÚLTIMA TRANSACCIÓN
campo de control 20230906161258.0
007 - CAMPO FIJO DE DESCRIPCIÓN FÍSICA--INFORMACIÓN GENERAL
campo de control de longitud fija t|
008 - DATOS DE LONGITUD FIJA--INFORMACIÓN GENERAL
campo de control de longitud fija 030327s1975 sp ||||1| cat d
100 1# - ENTRADA PRINCIPAL--NOMBRE DE PERSONA
Nombre de persona Colletti, Lucio.
9 (RLIN) 39697
245 13 - MENCIÓN DEL TÍTULO
Título El marxisme com a sociologia /
Mención de responsabilidad, etc. Lucio Colletti ; prólec de Francesc Agües, [traducció de l'italiá por Salvador Jáfer].
260 ## - PUBLICACIÓN, DISTRIBUCIÓN, ETC.
Lugar de publicación, distribución, etc. Valencia :
Nombre del editor, distribuidor, etc. Tres i Quatre,
Fecha de publicación, distribución, etc. [1975]
300 ## - DESCRIPCIÓN FÍSICA
Extensión 128 p. ;
Dimensiones 20 cm.
490 1# - MENCIÓN DE SERIE
Mención de serie Quaderns 3 i 4 ;
Designación de volumen o secuencia 11
650 04 - PUNTO DE ACCESO ADICIONAL DE MATERIA--TÉRMINO DE MATERIA
Término de materia o nombre geográfico como elemento de entrada Marxismo.
9 (RLIN) 14803
700 0# - ENTRADA AGREGADA--NOMBRE PERSONAL
Nombre de persona Agües, Francesc.
9 (RLIN) 18664
700 0# - ENTRADA AGREGADA--NOMBRE PERSONAL
Nombre de persona Jàfer, Salvador.
9 (RLIN) 65909
830 0# - PUNTO DE ACCESO ADICIONAL DE SERIE-TÍTULO UNIFORME
Título uniforme Quaderns 3 i 4 ;
Designación de volumen o secuencia 11
9 (RLIN) 229952
852 ## - LOCALIZACIÓN
Ubicación ES-MaACL
Número de control de estantería E-8930
Sublocalización o colección R.93366
Holdings
Estatus retirado Estado de pérdida Estado de daño No para préstamo Biblioteca de origen Biblioteca actual Ubicación en estantería Fecha de adquisición Fuente de adquisición Total de préstamos Signatura topográfica completa Código de barras Visto por última vez Precio de reemplazo Tipo de ítem Koha
        Biblioteca del Ateneo de Madrid Biblioteca del Ateneo de Madrid Depósito 2 17/01/2008     E-8930 1048183 23/02/2023 23/02/2023 Libro impreso